Lukas inédito

Αποθηκεύτηκε σε:
Λεπτομέρειες βιβλιογραφικής εγγραφής
Κύριος συγγραφέας: Moltedo Ghio, Ennio (autor)
Μορφή: Βιβλίο
Γλώσσα:Ισπανικά
Έκδοση: Viña del Mar Ediciones Altazor 2003
Έκδοση:1a. ed
Θέματα:
Ετικέτες: Προσθήκη ετικέτας
Δεν υπάρχουν, Καταχωρήστε ετικέτα πρώτοι!

MARC

LEADER 00000cam a2200000 a 4500
001 UCE1296
003 CL-VaPUC
005 20241126132140.0
008 140407e20030000cl |||||||||||||||||spa|d
999 |c 355128  |d 355126 
040 |c Pontificia Universidad Católica de Valparaíso 
082 0 4 |a 741.5983  |b MOL  |2 21 
100 |a Moltedo Ghio, Ennio  |e autor  |9 578526 
245 1 0 |a Lukas inédito 
250 |a 1a. ed 
260 |a Viña del Mar  |b Ediciones Altazor  |c 2003 
300 |a 173 p 
583 |a last modification  |c 20140407 11:30:00  |k Rodrigo Vera 
600 0 |a Lukas  |q (Pecchenino Raggi, Renzo)  |d 1934-1988  |9 861247 
650 0 |a Caricaturas  |9 359381 
650 0 |a Caricaturas chilenas  |9 462797 
942 |c BK  |2 ddc 
945 |d 20140407 11:30:00  |a dcastane 
952 |0 0  |1 0  |2 ddc  |3 erb  |4 0  |6 741_598300000000000_MOL_2003  |7 0  |8 R  |9 461516  |a BIBART  |b BIBART  |i 5066298  |o 741.5983 MOL 2003  |p 5066298  |r 2025-03-13  |w 2019-11-23  |y BK_R  |z Catalogado en:20140407  |k ART